000 01960nas a2200277 454500
001 27781
005 20260407193507.0
008 260407s1997####ag###########|||spa#d
003 AR-UNSa-BCEJYS
040 _aAR-UNSa-BCEJYS
_bspa
_cAR-UNSa-BCEJYS
080 _a3
_xCiencias sociales. Estadística. Política. Economía. Comercio. Derecho. Gobierno. Asuntos militares. Bienestar social. Seguros. Educación. Folclore
245 1 0 _aInvenio
022 _a0329-3475
264 1 _aRosario :
_bUniversidad del Centro Educativo Latinoamericano
_c1997
310 _aFrecuencia: Semestral
520 _aUnas palabras acerca del titulo elegido para nuestra publicación. En latin, Invenio es un verbo transitivo de la cuarta conjugación ,que significa ENCONTRAR, HALLAR, CONSEGUIR, ADQUIRIR,INVENTAR,DESCUBRIR PREGUNTANDO, ENTERARSE DE ... Ya se ve que es una de esas palabras ricas en significados y connotaciones, y que quizá como ninguna otra , expresa todo eso que se pretende en la vida universitaria. Mediante esta publicación, la Universidad del Centro Educativo Latinoamericano hace su presentación en el mundo de la Academia. En las páginas de nuestra revista, docentes y alumnos van a expresar sus ideas sobre distintos aspectos del saber científico, filosófico y teológico. Podrá existir el disenso y será bueno que así ocurra, recordando que la ciencia se construye, en gran medida, a través de conjeturas y refutaciones. No se pretende, pues, una visión monolítica, sin fisuras, sino apreciaciones desde distintos ángulos y desde distintas experiencias.
942 _cSER
590 _aniveau_biblio:s niveau_hierar:1
100 1 _aUniversidad del Centro Educativo Latinoamericano
700 1 _aPontón, Rogelio T.
650 _aCiencias sociales
650 _aFilosofía
650 _aTeología
650 _aECONOMIA
856 4 1 _uhttps://biblioeco.unsa.edu.ar/pmb/images/revistas/Invenio-r13513.jpg
_yImagen de portada
_qimage/jpeg
999 _c8627
_d8627